000 00783nam a22002417a 4500
003 DO-SdBNP
005 20170714115517.0
008 1707141999 sp 00| 0 spa d
020 _a8439287976
040 _aBPMSU
_bspa
_cBPMSU
082 _a863.6
_bM899l
100 _a Moser, Erwin
240 _aLöwe König und neun andere geschichten
245 _aEl león destronado y otras nueves historia /
_cErwin Moser ; ilustraciones Violeta Monreal.
260 _aMadrid :
_bEdiciones Gaviota,
_c1999.
300 _a[70] p. :
_bil. ;
_c19 cm.
490 _aGaviota junior
500 _aEdad de lectura recomendada a partir de los 8 años.
650 _aCuentos infantiles españoles
830 _aGaviota junior
942 _2ddc
_cMP
956 _aVMATEO
_b10
_c20170714
_dBPMSU
_f0069
999 _c12588
_d12588